Linear ordinary differential equations / (Record no. 8563)

MARC details
000 -LEADER
fixed length control field 01202cam a2200289 a 4500
001 - CONTROL NUMBER
control field 4947012
003 - CONTROL NUMBER IDENTIFIER
control field OSt
005 - DATE AND TIME OF LATEST TRANSACTION
control field 20240617151720.0
008 - FIXED-LENGTH DATA ELEMENTS--GENERAL INFORMATION
fixed length control field 961219s1997 paua b 001 0 eng
010 ## - LIBRARY OF CONGRESS CONTROL NUMBER
LC control number 96053262
020 ## - INTERNATIONAL STANDARD BOOK NUMBER
International Standard Book Number 0898713889 (pbk.)
040 ## - CATALOGING SOURCE
Original cataloging agency MUST LIB
Transcribing agency MUST
Modifying agency MUST
050 00 - LIBRARY OF CONGRESS CALL NUMBER
Classification number QA372
Item number .C594 1997
082 00 - DEWEY DECIMAL CLASSIFICATION NUMBER
Classification number 515.352
Edition number 21
Item number EAR
100 1# - MAIN ENTRY--PERSONAL NAME
Personal name Coddington, Earl A.,
Dates associated with a name 1920-
9 (RLIN) 6111
245 10 - TITLE STATEMENT
Title Linear ordinary differential equations /
Statement of responsibility, etc. Earl A. Coddington, Robert Carlson.
260 ## - PUBLICATION, DISTRIBUTION, ETC. (IMPRINT)
Place of publication, distribution, etc. Philadelphia :
Name of publisher, distributor, etc. Society for Industrial and Applied Mathematics,
Date of publication, distribution, etc. c1997.
300 ## - PHYSICAL DESCRIPTION
Extent xii, 341 p. :
Other physical details ill. ;
Dimensions 26 cm.
504 ## - BIBLIOGRAPHY, ETC. NOTE
Bibliography, etc Includes bibliographical references (p. 333-334) and index.
650 #0 - SUBJECT ADDED ENTRY--TOPICAL TERM
Topical term or geographic name as entry element Differential equations.
9 (RLIN) 751
700 1# - ADDED ENTRY--PERSONAL NAME
Personal name Carlson, Robert,
Dates associated with a name 1951-
9 (RLIN) 6112
856 42 - ELECTRONIC LOCATION AND ACCESS
Materials specified Publisher description
Uniform Resource Identifier http://www.loc.gov/catdir/enhancements/fy0708/96053262-d.html
856 41 - ELECTRONIC LOCATION AND ACCESS
Materials specified Table of contents only
Uniform Resource Identifier http://www.loc.gov/catdir/enhancements/fy0708/96053262-t.html
906 ## - LOCAL DATA ELEMENT F, LDF (RLIN)
a 7
b cbc
c orignew
d 1
e ocip
f 19
g y-gencatlg
942 ## - ADDED ENTRY ELEMENTS (KOHA)
Source of classification or shelving scheme Dewey Decimal Classification
Koha item type Open Shelf
Holdings
Withdrawn status Lost status Source of classification or shelving scheme Damaged status Not for loan Home library Current library Date acquired Source of acquisition Inventory number Total Checkouts Full call number Barcode Date last seen Price effective from Koha item type
    Dewey Decimal Classification     MUST Main Library MUST Main Library 17/06/2024 Purchase 09/31187   515.352 EAR 2024-20687 17/06/2024 17/06/2024 Open Shelf